Normal view
MARC view
Entry Personal Name
001 - CONTROL NUMBER
- control field: 262895
003 - CONTROL NUMBER IDENTIFIER
- control field: OSt
005 - DATE AND TIME OF LATEST TRANSACTION
- control field: 20260427151412.0
008 - FIXED-LENGTH DATA ELEMENTS
- fixed length control field: 260427|| aca||aabn | a|a d
040 ## - CATALOGING SOURCE
- Original cataloging agency: OSt
- Transcribing agency: OSt
100 ## - HEADING--PERSONAL NAME
- Personal name: MULIYA KESHAVAYYA.
- Dates associated with a name: ಮುಳಿಯ ಕೇಶವಯ್ಯ
670 ## - SOURCE DATA FOUND
- Source citation: Work cat.: (OSt)91679: MULIYA KESHAVAYYA. ಮುಳಿಯ ಕೇಶವಯ್ಯ, Mahachetana: Kristamahatme. (sara sameta)., 1976